000 01014cam a22002651i 4500
003 SA-RiAUC
005 20250204074456.0
008 250202s2002 su g 000 0 ara c
040 _aSA-JeALM
_bara
_cSA-RiAUC
_erda
050 4 _b.K33 2002
082 0 4 _a241
_qSA-RiAUC
090 _a241
_b ك ا ب
100 1 _aكابلي، واصف أحمد فاضل
_eمؤلف.
245 1 2 _aالخواص العظمى في أسماء الله الحسنى /
_cإعداد السيد واصف أحمد فاضل كابلي.
264 1 _aجدة :
_bدار الكابلي للنشر والتوزيع،
_cبين [1900 و 1999]
300 _a199 صفحة ؛
_c24 سم
336 _aنص
_btxt
_2rdacontent
_3كتاب
337 _aبدون وسيط
_bn
_2rdamedia
338 _aمجلد
_bnc
_2rdacarrier
650 7 _aالأسماء الحسنى
_2aucsh
650 7 _aالإلهيات (علم الكلام)
_2aucsh
653 _aالديانات
942 _2ddc
_cBOOK
_n0
949 _aSA-JeALM
_d250202
_uosman123
_n1
999 _c5562
_d5562